Diseñar en comunidad : el diseño participativo, un cruce de caminos /

Guardado en:
Bibliografiske detaljer
Hovedforfatter: López Borbón, Walter (autor)
Format: Bog
Sprog:spansk
Udgivet: Bogotá, Colombia : Universidad Piloto de Colombia, Facultad de Arquitectura y Artes, 2008, c2008
Fag:
Tags: Tilføj Tag
Ingen Tags, Vær først til at tagge denne postø!

MARC

LEADER 00000nam^a2200000^a^4500
001 000298354
005 20250521000000.0
009 20260310112406.905
020 |a 978-958-97976-5-5 
037 |a Acervo ITESO - Biblioteca 
041 |a ESP 
082 |a 720. 103  |b LOP 
100 |a López Borbón, Walter  |e (autor) 
245 1 0 |a Diseñar en comunidad :  |b el diseño participativo, un cruce de caminos /  |c W. López Borbón ; presen. de Edgar J. Camacho C. 
264 4 |a Bogotá, Colombia :  |b Universidad Piloto de Colombia, Facultad de Arquitectura y Artes,  |c 2008, c2008 
300 |a 189 p. 
336 |a texto  |b txt  |2 rdacontenido 
337 |a sin mediación  |b n  |2 rdamedio 
338 |a volumen  |b nc  |2 rdasoporte 
521 |a 2013 BO Maestría en Ciudad y Espacio Público Sustentable 
649 |a XX 
650 |a Arquitectos -  |z Colombia -  |x Prácticas Profesionales 
650 |a Zonas Marginadas -  |z Bogotá, Colombia 
650 |a Comunidad -  |z Bogotá, Colombia 
650 |a Participación Social -  |z Bogotá, Colombia -  |x Tema Principal 
650 |a Apoyo Social -  |z Bogotá, Colombia 
650 |a Diseño Arquitectónico -  |x Tema Principal 
650 |a Construcción 
650 |a Programas Sociales -  |z Bogotá, Colombia 
650 |a Arquitectura y Sociedad -  |x Tema Principal 
910 |a Fondo General 
920 |a Impresos - Libros 
930 |a Colección General 
905 |a 101 
901 |a 0500183978  |b IT1  |c ACC  |i C121695  |u 20250521 
901 |a 0500221697  |b IT1  |c ACC  |i C137322  |u 20250521 
902 |a https://opac.biblio.iteso.mx/vufind/Record/000298354